Welcome to CU Library Online Public Access Catalogue (OPAC)

Psychological research methods : (Record no. 30)

MARC details
000 -LEADER
fixed length control field 00648pam a2200205 a 4500
001 - CONTROL NUMBER
control field 1897357
005 - DATE AND TIME OF LATEST TRANSACTION
control field 20240829115324.0
008 - FIXED-LENGTH DATA ELEMENTS--GENERAL INFORMATION
fixed length control field 841114s1985 maua b 001 0 eng
020 ## - INTERNATIONAL STANDARD BOOK NUMBER
International Standard Book Number 0205083811 :
Terms of availability $20.00
050 00 - LIBRARY OF CONGRESS CALL NUMBER
Classification number BF76.5
Item number .K45 1985
082 00 - DEWEY DECIMAL CLASSIFICATION NUMBER
Classification number 150/.72
Edition information 19
100 1# - MAIN ENTRY--PERSONAL NAME
Personal name Kiess, Harold O.,
Dates associated with a name 1940-
245 10 - TITLE STATEMENT
Title Psychological research methods :
Remainder of title a conceptual approach /
Statement of responsibility, etc. Harold O. Kiess, Douglas W. Bloomquist.
260 ## - PUBLICATION, DISTRIBUTION, ETC.
Place of publication, distribution, etc. Boston :
Name of publisher, distributor, etc. Allyn and Bacon,
Date of publication, distribution, etc. c1985.
300 ## - PHYSICAL DESCRIPTION
Extent xx, 538 p. :
Other physical details ill. ;
Dimensions 25 cm.
500 ## - GENERAL NOTE
General note Includes indexes.
650 #0 - SUBJECT ADDED ENTRY--TOPICAL TERM
Topical term or geographic name entry element Psychology
General subdivision Research.
700 1# - ADDED ENTRY--PERSONAL NAME
Personal name Bloomquist, Douglas W.,
Dates associated with a name 1941-
942 ## - ADDED ENTRY ELEMENTS (KOHA)
Source of classification or shelving scheme Library of Congress Classification
Koha item type Books
Suppress in OPAC No
999 ## -
-- 30
-- 30
Holdings
Withdrawn status Lost status Source of classification or shelving scheme Damaged status Not for loan Home library Current library Shelving location Date acquired Total checkouts Full call number Barcode Date last seen Price effective from Koha item type
    Library of Congress Classification     Business Library (Miotso) Business Library (Miotso) General stacks 08/29/2024   BF76.5 K45 bssm00000012 08/29/2024 08/29/2024 Books
© 2023-2024 Copyright: Central University Libraries. All Rights Reserved | Created by: Mahone Tech Office